Statistics for Most Common STI's Globally

Click here to take the quiz!

General Stats

  • This quiz has been taken 13 times
  • The average score is 5 of 8

Answer Stats

Hint of Sexual Transmitted Infection (STI)STI% Correct
67% of the world has this infection.Herpes
100%
0.7% worldwide have it.HIV
92%
31% of the world contracted this infection.HPV
77%
4.2% of people worldwide have it.Chlamydia
69%
0.5% of the world has it and it can be transmitted without touch.Syphilis
69%
0.8% of the world has it.Gonorrhea
46%
6.5% of world has it.Hepatitis
38%
5.0% has this infection.Trichomoniasis
15%

Score Distribution

Percentile by Number Answered

Percent of People with Each Score

Your Score History

You have not taken this quiz